| 000 | 00790nam a2200217Ia 4500 | ||
|---|---|---|---|
| 001 | 11516 | ||
| 003 | GE_BSU | ||
| 008 | 181216s||||||||xx |||||||||||||| ||und|| | ||
| 040 | _cGE_BSU | ||
| 080 | _a631.582(479.22) | ||
| 100 | _aშ.ჭანიშვილი;შ.დევდარიანი; ზ.ჯულუხიძე;რ.მირიანაშვილი. | ||
| 245 | _aთესლბრუნვა საქართველოში. | ||
| 245 | _cრედ:მ.დარასელია. | ||
| 260 | _aთბილისი. | ||
| 260 | _bმეცნიერება. | ||
| 260 | _c1985. | ||
| 300 | _a141გვ;21სმ. | ||
| 300 | _eცხრილები. | ||
| 653 | _aთესლბრუნვა საქართველოში. | ||
| 942 | _cBK | ||
| 999 |
_c44711 _d44711 |
||